000 00845nam a2200121Ia 4500
008 220620s9999||||xx |||||||||||||| ||und||
100 _aRené Hefti (Ed.)||Arndt Büssing (Ed.)
245 0 _aIntegrating Religion and Spirituality into Clinical Practice
546 _aEnglish[eng]
650 _aChurch-based Programs||Ilness Interpretation||Substance Misuse||Chronic Diseases||Nursing Homes||Disease||Faith-based Services||kidney disease||clinical practice||Spiritual Care Team||Whole Person Medicine||Miraculous Healings||Health Care Professionals||Mental Illness||Spiritual Care||Spiritual Well-Being||health||Health Behaviors||spirituality||Creativity||religion||Treatment Adherence||Psychiatric Staff||Meaning-Making||Spiritual Care Education||quality of life||Prayer
856 _uhttp://www.mdpi.com/books/pdfview/book/631
942 _cEB
999 _c33777
_d33777